| 000 | 00869nas a22002057a 4500 | ||
|---|---|---|---|
| 003 | NALT | ||
| 005 | 20211125093531.0 | ||
| 008 | 181116b th ||||| |||| 00| 0 tha d | ||
| 022 | _a01258265 | ||
| 040 | _aNALT | ||
| 041 | 0 | _atha | |
| 245 | 1 | 0 | _aเที่ยวรอบโลก |
| 260 | 3 |
_aกรุงเทพฯ : _bอทิตตา |
|
| 310 | _aรายเดือน | ||
| 500 | _aหยุดผลิตฉบับพิมพ์และปิดตัวลงหลังเดือนมีนาคม 2563 | ||
| 850 | _aNALT | ||
| 866 | 3 | 1 | _aปีที่ 36 ฉบับที่ 425-436 (ม.ค.-ธ.ค. 2561), ปีที่ 37 ฉบับที่ 437-448 (ม.ค.-ธ.ค. 2562), ปีที่ 38 ฉบับที่ 449-451 (ม.ค.-มี.ค. 2563) |
| 942 |
_cJNR _017 _s1 _2lcc |
||
| 998 |
_b34 _d2017-04-11 16:08:53.177 _j755 _k จินตนา เอี่ยมคง |
||
| 999 |
_c91919 _d91919 |
||